Developing indicators experience from Central America (Registro nro. 3457)
[ vista simple ]
| 000 -CABECERA | |
|---|---|
| Campo de control | 00379nam a2200133 a 4500 |
| 090 ## - CLASIFICACIÓN LOCAL | |
| Colección | LB |
| Consecutivo | 02192 |
| 041 ## - IDIOMA | |
| Código de idioma para texto/pista de sonido o título separado | Español |
| Código de idioma de la versión original y/o traducciones intermedias del texto | Inglés |
| 245 ## - MENCION DE TITULO | |
| Título | Developing indicators experience from Central America |
| 246 ## - FORMA VARIANTE DEL TITULO | |
| Título propiamente dicho/forma breve del título | Desarrollo de indicadores experiencia en América Central |
| 260 ## - PUBLICACION, DISTRIBUCION, ETC. (PIE DE IMPRENTA) | |
| Lugar de publicación, distribución, etc. | Washington |
| Nombre del editor, distribuidor, etc. | CIAT |
| -- | World Bank |
| -- | UNEP |
| Fecha de publicación, distribución, etc. | 2000 |
| 300 ## - DESCRIPCION FISICA | |
| Extensión | CD-ROM |
| 942 ## - ELEMENTOS ADICIONALES (KOHA) | |
| Tipo de ítem | |
| 945 ## - PROCESAMIENTO LOCAL | |
| AAAA-MM-DD - Fecha de ingreso o modificacion | 2003-10-16 |
| Withdrawn status | Lost status | Sistema de Clasificación | Damaged status | No para préstamo | Colección | Ubicación Permanente | Ubicación actual | Fecha de adquisición | Fuente de Valor | Total Checkouts | Número topográfico | Inventario / Código de Barras | Date last seen | Ejemplar | Price effective from | Forma de adquisición | Tipo de material |
|---|---|---|---|---|---|---|---|---|---|---|---|---|---|---|---|---|---|
| Dewey Decimal Classification | General | Villa de Leyva | Villa de Leyva | 04/12/2012 | CID-Humboldt | LB-02192 | AUTO_5814 | 04/12/2012 | Ej.1 | 04/12/2012 | Compra | CD-ROM |